<?xml version="1.0" encoding="UTF-8"?>
<record
    xmlns:xsi="http://www.w3.org/2001/XMLSchema-instance"
    xsi:schemaLocation="http://www.loc.gov/MARC21/slim http://www.loc.gov/standards/marcxml/schema/MARC21slim.xsd"
    xmlns="http://www.loc.gov/MARC21/slim">

  <leader>02124nam a22001817a 4500</leader>
  <controlfield tag="008">151001b        xxu||||| |||| 00| 0 eng d</controlfield>
  <datafield tag="020" ind1=" " ind2=" ">
    <subfield code="a">0713144912</subfield>
  </datafield>
  <datafield tag="050" ind1=" " ind2=" ">
    <subfield code="a">RG526. O5</subfield>
  </datafield>
  <datafield tag="082" ind1=" " ind2=" ">
    <subfield code="2"> </subfield>
  </datafield>
  <datafield tag="245" ind1=" " ind2=" ">
    <subfield code="a">A textbook for midwives in the tropics. /</subfield>
    <subfield code="c">O. A. Ojo and Enang Bassey Briggs.</subfield>
  </datafield>
  <datafield tag="250" ind1=" " ind2=" ">
    <subfield code="a">2nd.</subfield>
  </datafield>
  <datafield tag="260" ind1=" " ind2=" ">
    <subfield code="a">London:</subfield>
    <subfield code="b">Edward Arnold,</subfield>
    <subfield code="c">1982.</subfield>
  </datafield>
  <datafield tag="300" ind1=" " ind2=" ">
    <subfield code="a">xii, 467p. :</subfield>
    <subfield code="b">ill,</subfield>
    <subfield code="c">25cm.</subfield>
  </datafield>
  <datafield tag="500" ind1=" " ind2=" ">
    <subfield code="a">Includes index.</subfield>
  </datafield>
  <datafield tag="505" ind1=" " ind2=" ">
    <subfield code="a">Contents: Introduction -- The bony pelvis and cephalo-pelvic disproportion -- Female genital tract -- The foetal skull -- Urinary system -- Puberty and menstruation -- Development of the foetus -- Physiology and pregnancy -- Physiology of the foetus -- Antenatal care -- Clinic talks -- Bleeding in early pregnancy -- Anteparum haemorrhage -- Post maturity or prolonged pregnancy -- Intra-uterine death of the foetus (IUD) -- Pelvic tunours and displacements -- Special cases -- Common complaints in pregnancy -- Hyperemesis gravidarum -- Malaria and anaemia in pregnancy -- Jaundice in pregnancy -- Diabetes, heart disease and pulmonary tuberculosis in pregnancy -- Some infections in pregnancy -- Acute renal failure -- Toxaemis in pregnancy -- Physiology and mechanism of labour -- Management of labour -- Normal third stage of labour -- Relief of pain in labour -- Induction of labour -- Trial labour -- Cord prolapse -- Prolonged labour -- Malpresentations -- Breech presentation -- Multiple pregnancy -- Obstructed labour -- Rapture of the uterus -- Obstetric operationd -- Perineal lacerations -- Abnormal third stage of labour -- Sudden collapse -- Managementof normal puerperium -- Abnormal puerperium -- Physiology of the neonate -- The premature baby -- Birth injuries -- or trauma -- Asphyxia -- Congenital abnormalities -- Neonatal jaundice -- Haemorrphic diseases of the new born -- Neonatal infections -- Breast infant feeding and minor neonatal disorders -- Artificial feeding and marasmus -- Immunization procedures -- Environmental sanitation -- Basic health services -- Vital statistics -- Fertility regulation.  </subfield>
  </datafield>
  <datafield tag="700" ind1=" " ind2=" ">
    <subfield code="a">Briggs, Enang Bassey</subfield>
  </datafield>
  <datafield tag="942" ind1=" " ind2=" ">
    <subfield code="2">lcc</subfield>
    <subfield code="c">BK</subfield>
  </datafield>
  <datafield tag="999" ind1=" " ind2=" ">
    <subfield code="c">7074</subfield>
    <subfield code="d">14574</subfield>
  </datafield>
  <datafield tag="952" ind1=" " ind2=" ">
    <subfield code="0">0</subfield>
    <subfield code="1">0</subfield>
    <subfield code="2">lcc</subfield>
    <subfield code="4">0</subfield>
    <subfield code="7">0</subfield>
    <subfield code="a">WIUC-KL</subfield>
    <subfield code="b">WIUC-KL</subfield>
    <subfield code="c">NURS L.</subfield>
    <subfield code="d">2019-07-04</subfield>
    <subfield code="o">RG526. O5(2e)</subfield>
    <subfield code="p">KSN/308/19</subfield>
    <subfield code="r">2020-02-07 00:00:00</subfield>
    <subfield code="w">2020-02-07</subfield>
    <subfield code="y">BK</subfield>
  </datafield>
  <datafield tag="952" ind1=" " ind2=" ">
    <subfield code="0">0</subfield>
    <subfield code="1">0</subfield>
    <subfield code="2">lcc</subfield>
    <subfield code="4">0</subfield>
    <subfield code="7">0</subfield>
    <subfield code="a">WIUC-KL</subfield>
    <subfield code="b">WIUC-KL</subfield>
    <subfield code="c">NURS L.</subfield>
    <subfield code="d">2019-07-04</subfield>
    <subfield code="o">RG526. O51(2e)</subfield>
    <subfield code="p">KSN/309/19</subfield>
    <subfield code="r">2020-02-07 00:00:00</subfield>
    <subfield code="w">2020-02-07</subfield>
    <subfield code="y">BK</subfield>
  </datafield>
</record>
